|
|
|
|
| LEADER |
00000nbm0a2200000 4500 |
| 001 |
142472 |
| 005 |
20231031142747.0 |
| 035 |
|
|
|a (RuTPU)RU\TPU\book\154399
|
| 090 |
|
|
|a 142472
|
| 100 |
|
|
|a 20080906d1967 k y0rusy50 ca
|
| 101 |
0 |
|
|a rus
|
| 102 |
|
|
|a RU
|
| 105 |
|
|
|a a m 001zy
|
| 200 |
1 |
|
|a Повышение достоверности проверки радиотехнических систем выбором оптимальных контрольных допусков
|e Диссертация на соискание ученой степени кандидата технических наук
|f Н. П. Фефелов
|g Томский политехнический институт (ТПИ) ; науч. рук. М. С. Ройтман
|
| 210 |
|
|
|a Томск
|c [Б. и.]
|d 1967
|
| 215 |
|
|
|a 150 л.
|c ил.
|
| 320 |
|
|
|a Библиогр.: с. 143 -148 ( 54 назв.)
|
| 610 |
1 |
|
|a радиотехнические системы
|
| 610 |
1 |
|
|a проверка
|
| 610 |
1 |
|
|a контрольные допуски
|
| 610 |
1 |
|
|a работоспособность
|
| 610 |
1 |
|
|a разделение сигналов
|
| 610 |
1 |
|
|a помехи
|
| 610 |
1 |
|
|a решения
|
| 610 |
1 |
|
|a приборы контроля
|
| 610 |
1 |
|
|a схемы
|
| 610 |
1 |
|
|a надежность
|
| 610 |
1 |
|
|a исследование в системах
|
| 610 |
1 |
|
|a диссертации
|
| 610 |
1 |
|
|a выбор
|
| 675 |
|
|
|a 621.396(04)
|v 3
|
| 700 |
|
1 |
|a Фефелов
|b Н. П.
|
| 702 |
|
1 |
|a Ройтман
|b М. С.
|4 727
|
| 712 |
0 |
2 |
|a Томский политехнический институт (ТПИ)
|c (1944-1991)
|2 stltpush
|3 (RuTPU)RU\TPU\col\1123
|
| 801 |
|
1 |
|a RU
|b 63413507
|c 20080906
|g PSBO
|
| 801 |
|
2 |
|a RU
|b 63413507
|c 20141011
|g RCR
|
| 942 |
|
|
|c BK
|